Catalog

Record Details

Catalog Search



Pětiminutovky : hry na celý rok pro MŠ  Cover Image Book Book

Pětiminutovky : hry na celý rok pro MŠ / Kathrin Sprenger ; z německého originálu 5 Minuten Mitmachgeschichten für Frühling und Sommer a 5 Minuten Mitmachgeschichten für Herbst und Winter přeložila Jindra Hubková

Sprenger, Kathrin (Author). Sprenger, Kathrin. 5 Minuten Mitmachgeschichten für Frühling und Sommer. Česky (Added Author). Sprenger, Kathrin. 5 Minuten Mitmachgeschichten für Herbst und Winter. Česky (Added Author). Hubková, Jindra, 1959- (Translator).

Record details

  • ISBN: 978-80-262-2220-0
  • Physical Description: 134 stran ; 23 cm
  • Edition: Vydání první
  • Publisher: Praha : Portál, 2024
Subject: předškolní výchova
mateřské školy
hry
Genre: metodické příručky

Available copies

  • 1 of 1 copy available at Common Catalog SPOK.

Holds

  • 0 current holds with 1 total copy.
Show All Copies
Location Call Number / Copy Notes Barcode Shelving Location Status Due Date
Jabok Library Ped-3.5.1/S 424480046631 Odborná literatura Available -

LDR 01994cam a2200517 i 4500
00158218
003CZ-PrJAB
00520241031112249.0
008241031s2024 xr ||| | cze
020 . ‡a978-80-262-2220-0 ‡q(brožováno)
035 . ‡a(CZ PrSKC)016020006779678
040 . ‡aULG001 ‡bcze ‡erda
0411 . ‡acze ‡hger
072 7. ‡a373.2/.3 ‡xPředškolní a primární výchova a vzdělávání ‡2Konspekt ‡922
080 . ‡a373.2 ‡2MRF
080 . ‡a373.24 ‡2MRF
080 . ‡a379.8:793/796 ‡2MRF
080 . ‡a(072) ‡2MRF
1001 . ‡aSprenger, Kathrin ‡7xx0325009 ‡4aut
24510. ‡aPětiminutovky : ‡bhry na celý rok pro MŠ / ‡cKathrin Sprenger ; z německého originálu 5 Minuten Mitmachgeschichten für Frühling und Sommer a 5 Minuten Mitmachgeschichten für Herbst und Winter přeložila Jindra Hubková
250 . ‡aVydání první
264 1. ‡aPraha : ‡bPortál, ‡c2024
300 . ‡a134 stran ; ‡c23 cm
336 . ‡atext ‡btxt ‡2rdacontent
337 . ‡abez média ‡bn ‡2rdamedia
338 . ‡asvazek ‡bnc ‡2rdacarrier
65007. ‡apředškolní výchova ‡7ph124887 ‡2czenas
65007. ‡amateřské školy ‡7ph122683 ‡2czenas
65007. ‡ahry ‡7ph114716 ‡2czenas
655 7. ‡ametodické příručky ‡7fd132826 ‡2czenas
70012. ‡aSprenger, Kathrin. ‡t5 Minuten Mitmachgeschichten für Frühling und Sommer. ‡lČesky
70012. ‡aSprenger, Kathrin. ‡t5 Minuten Mitmachgeschichten für Herbst und Winter. ‡lČesky
7001 . ‡aHubková, Jindra, ‡d1959- ‡7kpwa2675 ‡4trl
910 . ‡aABG312
995 . ‡aska
901 . ‡a58218 ‡bAUTOGEN ‡c58218 ‡tbiblio

Additional Resources